3 Clubs - 1 joueur #1 - Statistiques

Statistiques générales
  • Ce quiz a été pris 359 fois
  • Le résultat moyen est 3 sur 10
Statistiques - réponses
Clubs Joueur % Correct
Valence CF - Chelsea FC - Manchester United Juan Mata
59%
Séville FC - AS Rome - Stade Rennais FC Steven Nzonzi
49%
US Palerme - PSG - Valence CF Edinson Cavani
47%
Tottenham Hotspur - Everton FC - Besiktas JK Dele Alli
35%
LOSC Lille - Aston Villa - PSG Idrissa Gueye
24%
AS Monaco - Bayern Munich - Olympiakos James Rodriguez
24%
Cruzeiro EC - Benfica Lisbonne - Chelsea FC Ramires
14%
FC Porto - Olympique Lyonnais - Liverpool FC Aly Cissokho
11%
ASSE - FC Porto - Inter Milan Fredy Guarin
11%
PSG - Troyes - ASSE Jean Christophe Bahebeck
10%
Aucun quiz correspondant
Distribution des résultats
% des personnes avec chaque résultat
Percentile par nombre de réponses
Votre historique - résultats
Vous n’avez pas pris ce quiz